000 00802cam a22002653a 4500
001 6459
003 PGUSA
005 20140828083133.0
008 040901s2004||||xxu|||||s|||||000 1 eng d
040 _aPGUSA
_beng
042 _adc
050 4 _aPZ
100 1 _aBurnham, Margaret
245 1 4 _aThe Girl Aviators on Golden Wings
_h[electronic resource] /
_cMargaret Burnham
260 _bProject Gutenberg,
_c2004
506 _aPublic domain in the USA.
516 _aElectronic text
653 _aWomen air pilots -- Juvenile fiction
653 _aAdventure and adventurers -- Juvenile fiction
653 _aAirplanes -- Juvenile fiction
653 _aAeronautics -- Juvenile fiction
830 0 _aProject Gutenberg
_v6459
856 4 0 _uhttp://www.gutenberg.org/ebooks/6459
942 _cEB
999 _c235782
_d235782